Antimikrobiálne vlastnosti oxidovaných olejov

Guardado en:
Detalles Bibliográficos
Autor principal: Grancová, Jana
Formato: Libro
Lenguaje:eslovaco
Publicado: Bratislava STU FCHPT 2010
Acceso en línea:Ver en el OPAC
Etiquetas: Agregar Etiqueta
Sin Etiquetas, Sea el primero en etiquetar este registro!

MARC

LEADER 00000nam a2200000 a 4500
005 20260127134316.0
008 100625 2010 xo 000 0 slo d
035 |a vtls010109428 
039 9 |y 201006251149  |z mschk03 
040 |a STUSCHK1  |b slo  |c STUSCHK1  |e AACR2 
100 1 |a Grancová, Jana 
245 1 |a Antimikrobiálne vlastnosti oxidovaných olejov  |c Jana Grancová 
260 |a Bratislava  |b STU FCHPT  |c 2010 
300 |a 66 s.  |b il.  |c 30cm 
500 |a Obháj.: 8.6. 2010 
500 |a Študijný program: potraviny, hygiena, kozmetika 
500 |a Študijný odbor: 5.2.24 potravinárstvo 
500 |a Miesto vypracovania: Oddelenie potravinárskej technológie, FCHPT STU 
500 |a Evidenčné číslo: FCHPT-5457-28050 
910 |a SCHK95 
999 |c 9410  |d 9410